Statistics for Every Chamillionaire song that hit the Billboard hot 100

Click here to take the quiz!

General Stats

  • This quiz has been taken 4 times
  • The average score is 3 of 7

Answer Stats

Peak Chart PositionYearSong% Correct
12006Ridin'
100%
542007King Kong
50%
72006Get Up
25%
402009Good Morning
25%
412006Turn It Up
25%
432006That Girl
25%
542007Doe Boy Fresh
25%

Score Distribution

Percentile by Number Answered

Percent of People with Each Score

Your Score History

You have not taken this quiz